000 00418nam a2200145Ia 4500
008 180921t1962 xxu||||| ||||o00| 0 eng d
041 _aeng
245 _aCeylon Sessional Papers : Accounts of The Government of Ceylon For The Financial Year 1960-61 ( Part i)
260 _c1962
300 _a28 cm
500 _aSessional Paper xiv-1962
942 _cBK
999 _c44984
_d44984
003 LK-CoDNM
040 _aLK-CoDNM
_dLK-CoDNM
_eLK-CoDNM